Dealing with poor sound insulation between new dwellings (Record no. 104889)

MARC details
000 -LEADER
fixed length control field 00852cam a2200241 4500
001 - CONTROL NUMBER
control field ##L131875
008 - FIXED-LENGTH DATA ELEMENTS--GENERAL INFORMATION
fixed length control field 051213n2002 000 0 eng u
020 ## - INTERNATIONAL STANDARD BOOK NUMBER
International Standard Book Number 1860815490
035 ## - SYSTEM CONTROL NUMBER
System control number (Sirsi) u131875
041 0# - LANGUAGE CODE
Language code of text/sound track or separate title eng
050 04 - LIBRARY OF CONGRESS CALL NUMBER
Classification number 693.834 $2 18
100 1# - MAIN ENTRY--PERSONAL NAME
Personal name Hopkins, Carl
245 00 - TITLE STATEMENT
Title Dealing with poor sound insulation between new dwellings
260 ## - PUBLICATION, DISTRIBUTION, ETC.
Place of publication, distribution, etc. London
Name of publisher, distributor, etc. BRE
Date of publication, distribution, etc. 2002
300 ## - PHYSICAL DESCRIPTION
Extent 4p
Other physical details diagrams
Dimensions 30cm
490 #0 - SERIES STATEMENT
Series statement BRE Information Paper
Volume/sequential designation IP14/02
520 ## - SUMMARY, ETC.
Summary, etc. Describes how to rectify defects thatcause poor sound insulation between new residential properties, that therefore fail to comply with Section O of Approved Document E.
650 24 - SUBJECT ADDED ENTRY--TOPICAL TERM
Topical term or geographic name entry element BUILDING REGULATIONS 2000 APPROVED DOCUMENT E
651 #4 - SUBJECT ADDED ENTRY--GEOGRAPHIC NAME
Geographic name United Kingdom
Chronological subdivision
690 ## - LOCAL SUBJECT ADDED ENTRY--TOPICAL TERM (OCLC, RLIN)
Topical term or geographic name as entry element BUILT ENVIRONMENT-CONSTRUCTION DESIGN-ACOUSTICS
700 1# - ADDED ENTRY--PERSONAL NAME
Personal name Seller, John
942 ## - ADDED ENTRY ELEMENTS (KOHA)
Suppress in OPAC 0
Holdings
Withdrawn status Lost status Source of classification or shelving scheme Damaged status Not for loan Home library Current library Shelving location Date acquired Total Checkouts Full call number Barcode Date last seen Copy number Price effective from Koha item type
    Dewey Decimal Classification     London London RICS Boxes 14/12/2005   ENQUIRY DESK 131875-1001 06/08/2019 1 06/08/2019 Book